Microfungi /
| Other Authors: | , , |
|---|---|
| Format: | Book |
| Language: | English |
| Published: |
Kew, Surrey, England :
Commonwealth Mycological Institute,
1965-
|
| Series: | Mycological papers ;
no. 101. Mycological papers ; no. 105. Mycological papers ; no. 117. Mycological papers ; no. 128. Mycological papers ; no. 118. |
| Subjects: |
MARC
| Tag | First Indicator | Second Indicator | Subfields |
|---|---|---|---|
| LEADER | 00000cam a22000001a 4500 | ||
| 001 | in00000555521 | ||
| 005 | 20151014052900.0 | ||
| 008 | 700302m19659999enka b 00000 engm | ||
| 010 | |a 71001408 | ||
| 035 | |a (OCoLC)00037821 | ||
| 035 | |9 ACK0615AM | ||
| 040 | |a DLC |c DLC |d TXA |d UtOrBLW | ||
| 049 | |a TXAM |v 1 [A08270509] |v 2 [A08270517] |v 3 [A08270525] |v 4 [A08270533] |v 5 [A08270541] | ||
| 050 | 0 | 0 | |a QK603.2 |b .D45 |
| 090 | |a QK600 |b .C64 no. 101, etc. | ||
| 245 | 0 | 0 | |a Microfungi / |c by F.C. Deighton and K.A. Pirozynski. |
| 264 | 1 | |a Kew, Surrey, England : |b Commonwealth Mycological Institute, |c 1965- | |
| 300 | |a volumes : |b illustrations ; |c 25 cm. | ||
| 336 | |a text |b txt |2 rdacontent | ||
| 337 | |a unmediated |b n |2 rdamedia | ||
| 338 | |a volume |b nc |2 rdacarrier | ||
| 490 | 1 | |a Mycological papers ; |v no. 101, 105, 117-118, 128 | |
| 500 | |a Cover title. | ||
| 500 | |a Volume 3 by Karel Cejp and F.C. Deighton. | ||
| 504 | |a Includes bibliographies. | ||
| 650 | 0 | |a Fungi |v Classification. | |
| 650 | 0 | |a Hyphomycetes. | |
| 650 | 0 | |a Fungi |z Africa. | |
| 700 | 1 | |a Deighton, F. C. | |
| 700 | 1 | |a Pirozynski, K. A. | |
| 700 | 1 | |a Cejp, Karel. | |
| 830 | 0 | |a Mycological papers ; |v no. 101. | |
| 830 | 0 | |a Mycological papers ; |v no. 105. | |
| 830 | 0 | |a Mycological papers ; |v no. 117. | |
| 830 | 0 | |a Mycological papers ; |v no. 128. | |
| 830 | 0 | |a Mycological papers ; |v no. 118. | |
| 999 | |a MARS | ||
| 999 | f | f | |s 52a0cd3f-da15-39b5-9523-9b30736ba753 |i 66cccb70-ab08-38b5-8afb-ebefad700a98 |t 0 |
| 952 | f | f | |p normal |a Texas A&M University |b College Station |c Sterling C. Evans Library |d Evans: Library Stacks |t 0 |e QK600 .C64 no.101, etc. |h Library of Congress classification |i unmediated -- volume |k no.118=v.4 |m A14808270533 |
| 998 | f | f | |a QK600 .C64 no.101, etc. |s no.117-118,128 |t 0 |l Evans: Library Stacks |